حياة حقيقية : (Record no. 17434)
[ view plain ]
| 000 -الفاتح | |
|---|---|
| حقل البيانات ثابتة الطول | 00933 am a22002174a 4500 |
| 008 - عناصر البيانات ثابتة الطول - معلومات عامة | |
| حقل البيانات ثابتة الطول | 110328s2010 su g 000 0 ara d |
| 082 04 - رقم تصنيف ديوى العشرى | |
| رقم التصنيف | 158.1 |
| رقم الطبعة | 21 |
| رقم المادة | م ا ك |
| 100 1# - المدخل الرئيسى - إسم شخصى | |
| الإسم الشخصى | ماكجرو، فيل. |
| 9 (RLIN) | 33084 |
| 240 1# - العنوان الموحد | |
| عنوان موحد | Real Life : Preparing for the 7 Most Challenging Days of Your Life |
| لغة العمل | Arabic. |
| 245 10 - بيان العنوان | |
| العنوان | حياة حقيقية : |
| بقية العنوان | الاستعداد للأيام السبعة الأكثر صعوبة في حياتك / |
| بيان المسئوليه,etc | فيل ماكجرو ؛ ترجمة مكتبة جرير. |
| 250 ## - بيان الطبعة | |
| بيان الطبعة | ط. 1. |
| 260 ## - PUBLICATION, DISTRIBUTION, ETC. (IMPRINT) | |
| مكان الناشر او الموزع | الرياض : |
| اسم الناشر او الموزع | مكتبة جرير، |
| تاريخ النشر أو التوزيع | 2010. |
| 300 ## - الوصف المادى | |
| التعداد | 314 ص. ؛ |
| أبعاد الوعاء | 24 سم. |
| 500 ## - تبصرة عامة | |
| تبصرة عامة | يشمتل على ملاحق. |
| 504 ## - تبصرة ببليوجرافية | |
| تبصرة ببليوجرافية,الخ | يشتمل على قوائم ببليوجرافية. |
| 650 14 - المدخل الاضافى بالموضوع-مصطلح موضوعى | |
| مصطلح موضوعي أو اسم جغرافي كعنصر مدخل | النجاح الشخصي. |
| 9 (RLIN) | 23916 |
| 650 14 - المدخل الاضافى بالموضوع-مصطلح موضوعى | |
| مصطلح موضوعي أو اسم جغرافي كعنصر مدخل | علم النفس التطبيقي. |
| 9 (RLIN) | 23919 |
| 653 ## - مصطلح تكشيفى غير مقيد | |
| Resource For college | |
| Arrived date list | April2013 |
| 710 2# - المدخل الاضافى - اسم هيئه | |
| اسم الهيئة أو اسم السلطة كمدخل | مكتبة جرير |
| الدور | مترجم. |
| 9 (RLIN) | 23926 |
| 942 ## - عناصر المدخل الإضافي( كوها) | |
| مصدر التصنيف او مخطط الترفيف | Dewey Decimal Classification |
| Koha [default] item type | Book - Borrowing |
| حالة التراجع | حالة الفقد | مصدر التصنيف او خطة الترفيف | حالة تلف | ليس للاعارة | مجموعات كوها | المكان الدائم | المكان الحالي | موقع الترفيف | تاريخ الاكتساب | سعر الشراء الطبيعي | رقم الاستدعاء | الباركود | Date last seen | مُعار | التكلفة | نوع الوعاء |
|---|---|---|---|---|---|---|---|---|---|---|---|---|---|---|---|---|
| Dewey Decimal Classification | سور الازبكية | Central Library | Central Library | Lower Floor | 09/04/2013 | 15.00 | 158.1 م ا ك | 000028679 | 15/07/2025 | 23/11/2022 | 19.00 | Book - Borrowing |